Normal view
MARC view
Entry Geographic Name
001 - CONTROL NUMBER
- control field: 21696
003 - CONTROL NUMBER IDENTIFIER
- control field: ARRUPE
005 - DATE AND TIME OF LATEST TRANSACTION
- control field: 20160121123842.0
008 - FIXED-LENGTH DATA ELEMENTS
- fixed length control field: 160121|| aca||aabn | a|a d
040 ## - CATALOGING SOURCE
- Original cataloging agency: ARRUPE
- Transcribing agency: ARRUPE
151 ## - HEADING--GEOGRAPHIC NAME
- Geographic name: Africa, Central
- General subdivision: Description and travel.
670 ## - SOURCE DATA FOUND
- Source citation: Work cat.: (ARRUPE)0: Cameron, Verney Lovett, 1844-1894. 21694, Across Africa /, 1877.